000 00662nam a22002057a 4500
003 OSt
005 20250714055522.0
008 250714b |||||||| |||| 00| 0 eng d
020 _a9789712371226
040 _aDWCL- Main lib
_cOC
082 _aFil. 338.749068 R763e 2015
100 _aRomero, Eloisa A.
245 _a Events management/
_cEloisa R. Romero
250 _aSecond edition.
260 _aManila, Philippines :
_bRex Book Store,
_cc2015.
300 _axii, 132 pages :
_b illustrations ;
_c25 cm.
504 _aIncludes bibliographical references and index.
650 _a1. Events--Management
942 _2ddc
_cBK - FIL
_eSecond edition.
_kFil.
_n0
999 _c3650
_d3650